000
00442nam a2200145Ia 4500
008
100204s9999 xx 000 0 und d
082
_b
13534
100
_a
काशिकर एस्. एम्.
245
_a
मॉडेल गर्ल
260
_b
"अमोल प्रकाशन, पुणे"
_c
1990
300
_a
171
630
_a
मॉडेल गर्ल
730
_a
मॉडेल गर्ल
942
_c
BOOK
999
_c
457966
_d
457963